000 nam a22 7a 4500
999 _c10874
_d10874
008 180306b ||||| |||| 00| 0 eng d
100 _aMittal,R.S.etal.
_96696
245 _aLab Manual Science-IX
260 _aNew Delhi
_bArya
_c2016